[Event "Olympiad Women 2024"]
[Site "Budapest HUN"]
[Date "2024.09.11"]
[Round "1.38"]
[Board "2"]
[White "Fawaz, Nadia"]
[Black "Blokhin, Sofia"]
[Result "0-1"]
[WhiteElo "1747"]
[BlackElo "2036"]
[PlyCount "70"]
[EventDate "2024.09.11"]
[WhiteTeam "Lebanon"]
[BlackTeam "Estonia"]
[WhiteTeamCountry "LBN"]
[BlackTeamCountry "EST"]

1. e4 c5 2. Nf3 e6 3. d4 cxd4 4. Nxd4 a6 5. Bd3 Nc6 6. Nf3 ({RR} 6. Nxc6 bxc6 7. e5 Qc7 8. Qe2 d5 9. exd6 Bxd6 10. Nd2 Nf6 11. Nc4 Be7 12. O-O O-O 13. Bd2 c5 14. Ba5 Qc6 15. Ne5 Qe8 16. c4 Bb7 17. Rfe1 Bd8 18. Bc3 Bc7 19. Qe3 Qe7 20. Qh3 h6 {1-0 Demchenko,A (2654)-Guz,A (2332) Titled Tuesday intern op 17th May Early blitz 2022 (2)}) 6... Nf6 7. O-O Qc7 ({RR} 7... d6 8. c4 Be7 9. Nc3 O-O 10. h3 Qc7 11. Bf4 Ne5 12. Rc1 b6 13. Bb1 Bb7 14. Qe2 Rac8 15. b3 Nfd7 16. Rfd1 Rfd8 17. Nd4 Ng6 18. Be3 Bf6 19. Qd2 Qb8 20. Nde2 Be7 21. f4 Ba8 22. Nd4 {1-0 Zhemba,J (2226)-Agnelo,A (2219) ch-Africa 2024 (6.5)}) 8. a3 b5 $146 ({RR} 8... d5 9. exd5 Nxd5 10. Bd2 Be7 11. c4 Nb6 12. Bc3 O-O 13. Nbd2 Nd7 14. Qe2 Bf6 15. Qe4 g6 16. Bxf6 Nxf6 17. Qh4 Kg7 18. Rfe1 b6 19. Rad1 Qe7 20. Ng5 h6 21. Nge4 Ne8 22. Nf3 Bb7 23. Nc3 {½-½ Koschka,G (1921)-Roerig,G (1789) Pyramiden Franken Cup 5th 2002 (7)}) 9. Qe2 d6 10. Nbd2 Bb7 11. c4 b4 12. b3 Be7 13. axb4 Nxb4 14. Ba3 Nc6 15. Rfd1 a5 16. Nf1 O-O 17. e5 dxe5 18. Bxe7 Qxe7 19. Nxe5 Nb4 20. Ng3 g6 21. Ne4 Nh5 22. Bb1 Rfd8 23. Rxd8+ Rxd8 24. h3 f5 25. Nc3 Bxg2 26. Qe3 f4 27. Qb6 Bxh3 28. Nf3 Bg4 29. Kg2 Nd3 30. Bxd3 Bxf3+ 31. Kxf3 Rxd3+ 32. Ke2 Rxc3 33. Rxa5 Qd7 34. Qb8+ Kf7 35. Ra7 f3+ 0-1

[Event "Olympiad Women 2024"]
[Site "Budapest HUN"]
[Date "2024.09.11"]
[Round "1.38"]
[Board "3"]
[White "Narva, Triin"]
[Black "Attieh, Skye"]
[Result "1-0"]
[WhiteElo "2066"]
[BlackElo "1675"]
[PlyCount "93"]
[EventDate "2024.09.11"]
[WhiteTeam "Estonia"]
[BlackTeam "Lebanon"]
[WhiteTeamCountry "EST"]
[BlackTeamCountry "LBN"]

1. e4 e6 2. Qe2 Be7 3. g3 d5 4. d3 Nf6 5. Bg2 O-O 6. e5 Nfd7 7. f4 c5 8. Nf3 Nc6 9. O-O $146 ({RR} 9. c3 b5 10. O-O Nb6 11. Be3 a5 12. Qf2 Nd7 13. Nbd2 c4 14. d4 b4 15. g4 Nb6 16. Rae1 bxc3 17. bxc3 Na4 18. Nb1 Rb8 19. Qc2 Nb2 20. Re2 Nd3 21. Ne1 Ba6 22. Bc1 Qb6 23. Nd2 Nxc1 {0-1 Curatola,C (2116)-Gonzalez,A (1701) Asuncion ABC Color op 2nd 2014 (7.1)}) ({RR} 9. c3 b5 10. O-O c4 11. d4 Nb6 12. Be3 b4 13. Bh3 Na4 14. Qc2 Qa5 15. g4 Rb8 16. Bd2 bxc3 17. Nxc3 Nxb2 18. Rab1 Nd3 19. Rxb8 Nxb8 20. f5 Nc6 21. Ne2 Bb4 22. Bg5 Bd7 23. Nf4 Qb6 {0-1 Savov,Z (1941)-Kostov,G (2170) Albena Masters op 2013 (9)}) 9... b6 10. c4 dxc4 11. dxc4 Bb7 12. Rd1 Qc7 13. Nc3 a6 14. b3 Rfd8 15. Bb2 Rac8 16. Ne4 Na7 17. Nd6 Rb8 18. Nxb7 Rxb7 19. h4 Nc6 20. Qe4 Rbb8 21. Ng5 Bxg5 22. Qxc6 Qxc6 23. Bxc6 Bxf4 24. gxf4 Nf8 25. h5 g6 26. h6 g5 27. fxg5 Ng6 28. Kf2 b5 29. Rxd8+ Rxd8 30. Ke3 bxc4 31. bxc4 Kf8 32. Be4 Ke7 33. Bxg6 fxg6 34. Ba3 Rc8 35. Rb1 Rc7 36. Rb8 Kd7 37. Rg8 Kc6 38. Rg7 Kb6 39. Rxc7 Kxc7 40. Bxc5 Kc6 41. Kd4 Kc7 42. a4 Kc6 43. Bb4 Kb6 44. a5+ Kc6 45. Ba3 Kd7 46. Kc5 Kc7 47. Bb4 1-0

[Event "Olympiad Women 2024"]
[Site "Budapest HUN"]
[Date "2024.09.11"]
[Round "1.38"]
[Board "4"]
[White "Al Asmar, Remy"]
[Black "Olde, Grete"]
[Result "0-1"]
[WhiteElo "1661"]
[BlackElo "1952"]
[PlyCount "92"]
[EventDate "2024.09.11"]
[WhiteTeam "Lebanon"]
[BlackTeam "Estonia"]
[WhiteTeamCountry "LBN"]
[BlackTeamCountry "EST"]

1. d4 Nf6 2. c4 e6 3. Nf3 d5 4. Bg5 Be7 5. e3 O-O 6. Bd3 b6 7. O-O Bb7 ({RR} 7... h6 8. Bh4 Nbd7 9. Nc3 c5 10. dxc5 Nxc5 11. cxd5 Nxd5 12. Bxe7 Nxe7 13. Bc2 Ba6 14. Qxd8 Rfxd8 15. Rfd1 Bd3 16. Bxd3 Nxd3 17. Rd2 Nc5 18. Rad1 Rxd2 19. Rxd2 Kf8 20. Kf1 Nc6 21. Nd4 Rd8 22. Ke2 {0-1 Niemier,M (1204)-Krych,D (1617) Poznan op 28th 2021 (5)}) 8. Nbd2 Nbd7 9. Rc1 c5 10. cxd5 $146 ({RR} 10. Qc2 h6 11. Bh4 dxc4 12. Bxc4 Rc8 13. Qa4 a6 14. Qd1 b5 15. Bd3 Qb6 16. Ne5 Rfd8 17. Be4 Bxe4 18. Nxd7 Rxd7 19. Nxe4 Nxe4 20. Bxe7 Rxe7 21. Qc2 f5 22. f3 Nf6 23. dxc5 Qc6 24. b4 Rd7 {0-1 Lorenzi,P (1899)-Galli,J (2032) Bastiais Master 4th 2006}) 10... exd5 11. dxc5 Nxc5 12. Bb1 Nfe4 13. Bxe7 Qxe7 14. Nd4 Ba6 15. Re1 Qh4 16. Nxe4 Nxe4 17. Rc2 Rad8 18. f3 Nc5 19. Rf2 Rfe8 20. Nf5 Qf6 21. Rd2 Bb7 22. b4 Na6 23. a3 Nc7 24. Ng3 Nb5 25. Qc2 g6 26. Rd3 Nd6 27. Ba2 d4 28. Rxd4 Qxd4 29. exd4 Rxe1+ 30. Kf2 Re7 31. h4 Nb5 32. d5 Nd6 33. h5 Rc8 34. Qd3 Rec7 35. Kg1 f5 36. Qe3 Re8 37. Qg5 Rg7 38. hxg6 Rxg6 39. Qf4 Bc8 40. Nh5 Re1+ 41. Kf2 Ra1 42. Qd2 Ba6 43. Nf4 Rg7 44. Ne6 f4 45. Nxf4 Rf7 46. Ne6 Ne4+ 0-1

[Event "Olympiad Women 2024"]
[Site "Budapest HUN"]
[Date "2024.09.11"]
[Round "1.39"]
[Board "1"]
[White "Lieketseng, Ngatane"]
[Black "Cori T., Deysi"]
[Result "0-1"]
[WhiteElo "1651"]
[BlackElo "2366"]
[PlyCount "84"]
[EventDate "2024.09.11"]
[WhiteTeam "Lesotho"]
[BlackTeam "Peru"]
[WhiteTeamCountry "LES"]
[BlackTeamCountry "PER"]

1. e4 e6 2. d4 d5 3. exd5 exd5 4. Nf3 Bd6 5. Bd3 Bg4 6. Be3 Ne7 7. Nbd2 Nf5 8. O-O O-O 9. c3 Nxe3 10. fxe3 c5 $146 ({RR} 10... c6 11. e4 dxe4 12. Nxe4 Be7 13. Qc2 Nd7 14. Ng3 g6 15. Rae1 Kg7 16. Ne5 Nxe5 17. Rxe5 Bd6 18. Re3 Qg5 19. Qf2 Qd8 20. Ne4 Be7 21. Qg3 Be6 22. Qe5+ Kg8 23. Nf6+ Bxf6 24. Rxf6 Bxa2 25. Qf4 {½-½ Lim,P (1642)-Clegg,C (1786) London Golders Green op U1900 3rd 2014 (1)}) 11. Qc2 g6 12. b3 Nc6 13. Rae1 Rc8 14. Qb2 Re8 15. Kh1 Rc7 16. e4 cxd4 17. cxd4 Nb4 18. Bb1 Bxf3 19. Nxf3 dxe4 20. Rxe4 Rxe4 21. Bxe4 Re7 22. Bb1 Nd5 23. Qf2 Ne3 24. Re1 Qe8 25. h3 h5 26. Bd3 Kg7 27. a4 a6 28. Rc1 Bf4 29. Re1 Qd7 30. Qb2 Qd5 31. Kg1 Re6 32. Kf2 g5 33. g3 g4 34. hxg4 Nxg4+ 35. Kg2 Rxe1 36. gxf4 Ne3+ 37. Kg3 h4+ 38. Nxh4 Rg1+ 39. Kf2 Rg2+ 40. Kxe3 Rxb2 41. Nf5+ Kf8 42. Bc4 Qxf5 0-1

[Event "Olympiad Women 2024"]
[Site "Budapest HUN"]
[Date "2024.09.11"]
[Round "1.39"]
[Board "2"]
[White "Aliaga Fernandez, Ingrid Y"]
[Black "Boitumelo Sethabathaba"]
[Result "1-0"]
[WhiteElo "2111"]
[BlackElo "1571"]
[PlyCount "65"]
[EventDate "2024.09.11"]
[WhiteTeam "Peru"]
[BlackTeam "Lesotho"]
[WhiteTeamCountry "PER"]
[BlackTeamCountry "LES"]

1. e4 e5 2. Nf3 Nc6 3. d4 exd4 4. Nxd4 Nf6 5. Nxc6 bxc6 6. e5 Qe7 7. Qe2 Nd5 8. Nd2 g6 9. c4 Ba6 10. Qe4 ({RR} 10. Nf3 Qb4+ 11. Kd1 Rb8 12. Qc2 Ne7 13. Bd3 Bg7 14. a3 Qb7 15. Re1 O-O 16. Bg5 Rfe8 17. b4 d5 18. c5 Bxd3 {½-½ Radjabov,T (2744)-Aronian,L (2801) Wch Blitz 5th 2010 (1)}) 10... Nb6 ({RR} 10... f5 11. exf6 Nxf6 12. Qxe7+ Bxe7 13. b3 O-O 14. f3 Rae8 15. Kd1 d5 16. Kc2 Bc8 17. Bb2 Bf5+ 18. Kd1 Bd6 19. Rc1 a5 20. g4 Bd7 21. h4 Be5 22. Ba3 Rf7 23. Bd3 a4 24. h5 gxh5 25. g5 {½-½ Abdumalik,Z (2473)-Dronavalli,H (2502) Asian Games Women 2023 (6.3)}) 11. Bd3 Bg7 12. O-O Bxe5 $146 ({RR} 12... O-O 13. Re1 Rfe8 14. Nf3 d5 15. cxd5 cxd5 16. Qe2 Bxd3 17. Qxd3 c5 18. Bg5 Qe6 19. Rac1 Nc4 20. Qc2 Nxe5 21. Qxc5 Nxf3+ 22. gxf3 Qf5 23. Bh4 Bxb2 24. Rxe8+ Rxe8 25. Qb5 Bxc1 26. Qxe8+ Kg7 27. Be7 {0-1 Mokshanov,A (2425)-Sychev,K (2419) RUS-chT2 Sochi 2016 (7.7)}) ({RR} 12... O-O 13. Re1 Rae8 14. Nf3 Qe6 15. b3 f6 16. Ba3 fxe5 17. Bxf8 Rxf8 18. Qh4 Bf6 19. Qg3 d6 20. Rac1 Bc8 21. h3 Qf7 22. Re2 Nd7 23. Ng5 Bxg5 24. Qxg5 Nc5 25. Qe3 Ne6 {½-½ Vuckovic,A (2288)-Taggatz,M (2278) Oberliga Bayern 1112 2011 (3.2)}) 13. Nf3 Bf6 14. Qf4 O-O-O 15. Be3 Bxb2 16. Rab1 Qf6 17. Qg3 h6 18. Rfd1 Rh7 19. Qg4 Ba3 20. c5 Bxd3 21. Rxd3 Bxc5 22. Bxc5 Qe6 23. Qb4 d6 24. Be3 Qxa2 25. Ra3 Qc4 26. Qa5 Kd7 27. Rc3 Qa4 28. Bxb6 Qe4 29. Re1 axb6 30. Qa1 Qd5 31. Rce3 f5 32. Rd1 Qf7 33. Ne5+ 1-0

[Event "Olympiad Women 2024"]
[Site "Budapest HUN"]
[Date "2024.09.11"]
[Round "1.39"]
[Board "3"]
[White "Ntsielo, Bonolo"]
[Black "Contreras Huaman, Fiorella"]
[Result "0-1"]
[WhiteElo "1757"]
[BlackElo "2168"]
[PlyCount "102"]
[EventDate "2024.09.11"]
[WhiteTeam "Lesotho"]
[BlackTeam "Peru"]
[WhiteTeamCountry "LES"]
[BlackTeamCountry "PER"]

1. e4 c6 2. Nf3 d5 3. exd5 cxd5 4. d4 Nc6 5. Bf4 Bg4 6. c3 e6 7. h3 Bh5 8. Nbd2 Bd6 9. Bxd6 Qxd6 10. Bd3 Nf6 11. O-O O-O 12. Re1 Qc7 ({RR} 12... Rab8 13. a4 Qc7 14. b4 Rfe8 15. Qb3 e5 16. dxe5 Nxe5 17. Be2 Nc6 18. Rac1 Qf4 19. b5 Bxf3 20. Nxf3 Rxe2 21. bxc6 Rxe1+ 22. Rxe1 bxc6 23. Qa3 h6 24. Qc5 Qc7 25. c4 Qb6 26. Qxb6 axb6 27. cxd5 {1-0 Cuenca Jimenez,J (2472)-Iskusnyh,S (2440) Titled Tue 27th Aug Early 2024 (7)}) 13. Qc2 $146 ({RR} 13. Qb1 Bg6 14. Bxg6 hxg6 15. Qd3 b5 16. Qxb5 Rab8 17. Qc5 Rxb2 18. Ne5 Rxd2 19. Nxc6 Qf4 20. Rf1 Ne4 21. Ne7+ Kh7 22. Nxg6 fxg6 {0-1 Atanasov,A (2368)-Passen,B (1921) Titled Tue 18th Apr Late 2023 (2)}) 13... Bg6 14. Rac1 Rfc8 15. Bxg6 hxg6 16. Qd3 Rab8 17. Ng5 b5 18. Nb3 Qf4 19. Qe3 Qxe3 20. Rxe3 Nd7 21. Rf3 Rf8 22. Kf1 a5 23. a3 e5 24. Rd3 e4 25. Rd2 Rbe8 26. h4 f6 27. Nh3 Kf7 28. Nc5 Nb6 29. b3 Rh8 30. Nb7 Re6 31. g3 g5 32. Ke2 Kg6 33. c4 bxc4 34. bxc4 Rb8 35. cxd5 Nxd5 36. Nc5 Re7 37. Na4 e3 38. Rd3 exf2+ 39. Kxf2 Na7 40. hxg5 fxg5 41. Rc5 Rb5 42. Rxb5 Nxb5 43. Nc5 Kf5 44. Rf3+ Kg4 45. Ng1 Ndc3 46. a4 Nd1+ 47. Kg2 Nxd4 48. Rd3 Ne3+ 49. Kf2 Nef5 50. Nf3 Re2+ 51. Kg1 Nxf3+ 0-1

[Event "Olympiad Women 2024"]
[Site "Budapest HUN"]
[Date "2024.09.11"]
[Round "1.39"]
[Board "4"]
[White "Garcia Andrada, Heidy Nicole"]
[Black "lintle molise"]
[Result "1-0"]
[WhiteElo "2003"]
[BlackElo "1583"]
[PlyCount "67"]
[EventDate "2024.09.11"]
[WhiteTeam "Peru"]
[BlackTeam "Lesotho"]
[WhiteTeamCountry "PER"]
[BlackTeamCountry "LES"]

1. e4 d6 2. c4 g6 3. Nc3 Bg7 4. Nge2 e5 5. d4 Nd7 6. g3 Ngf6 7. Bg2 O-O 8. O-O c6 9. h3 Re8 ({RR} 9... Qa5 10. d5 cxd5 11. exd5 a6 12. Rb1 Qc7 13. b3 Re8 14. g4 h5 15. g5 Nh7 16. Be3 h4 17. Rc1 b6 18. b4 Qxc4 19. a3 a5 20. Ne4 Qa6 21. Nxd6 Rd8 22. Nc3 axb4 23. axb4 Qa3 24. Ra1 {1-0 Ghaem Maghami,E (2597)-Wan,Y (2471) Manila PGMA Cup 3rd 2008 (3)}) 10. Re1 Qc7 ({RR} 10... a6 11. Be3 b5 12. d5 cxd5 13. cxd5 Nb6 14. b3 b4 15. Nb1 a5 16. Nd2 Ba6 17. g4 Nfd7 18. Ng3 Bb5 19. Rc1 Rc8 20. Bf1 Bxf1 21. Kxf1 Rxc1 22. Qxc1 Qc8 23. Kg2 Qa6 24. Qb1 Rc8 25. Rc1 {1-0 Baskakov,E (2215)-Berezin,V (2307) Titled Tue 27th Jun Early 2023 (1)}) 11. b3 $146 ({RR} 11. Be3 Nf8 12. Qc2 Be6 13. c5 dxc5 14. dxc5 h6 15. Red1 Rad8 16. b4 Bc8 17. a4 Ne6 18. Rxd8 Rxd8 19. Rd1 Ne8 20. Rxd8 Qxd8 21. Qd2 Qxd2 22. Bxd2 a5 23. bxa5 Nxc5 24. Be3 Bf8 25. Bf1 Nc7 {0-1 Fuggetta,L (2115)-Messina,E Formia op 1995}) 11... a6 12. Bb2 Rb8 13. Rc1 Bh6 14. Rc2 Nh5 15. Kh2 Ndf6 16. Bc1 Bg7 17. Be3 Nd7 18. c5 exd4 19. cxd6 Qxd6 20. Bxd4 Qe7 21. f4 Nf8 22. Bf2 Rd8 23. Qc1 Ne6 24. e5 Bh8 25. Ne4 Nc7 26. g4 f5 27. gxh5 fxe4 28. hxg6 hxg6 29. Bxe4 Qh7 30. Rc3 Ne6 31. Rg1 Nf8 32. Bc5 Bg7 33. Rcg3 Rd7 34. Bxf8 1-0

[Event "Olympiad Women 2024"]
[Site "Budapest HUN"]
[Date "2024.09.11"]
[Round "1.40"]
[Board "1"]
[White "Medic, Mirjana"]
[Black "Gertrude Banini"]
[Result "1-0"]
[WhiteElo "2101"]
[BlackElo "1712"]
[PlyCount "103"]
[EventDate "2024.09.11"]
[WhiteTeam "Croatia"]
[BlackTeam "Ghana"]
[WhiteTeamCountry "CRO"]
[BlackTeamCountry "GHA"]

1. d4 d5 2. Nf3 Nf6 3. c4 c6 4. e3 a6 5. Nc3 Bg4 6. h3 Bh5 7. cxd5 ({RR} 7. g4 Bg6 8. Ne5 Nfd7 9. Nxg6 hxg6 10. cxd5 cxd5 11. Nxd5 e6 12. Nc3 Nc6 13. Bg2 Qb6 14. Qb3 Qxb3 15. axb3 Rc8 16. Bd2 Be7 17. Ke2 g5 18. Rhc1 Nf6 19. Na4 O-O 20. Nc5 Bxc5 21. Rxc5 Ne7 {1-0 Fridman,D (2604)-Polaczek,R (2423) ACP Blitz Playchess.com INT 2006 (2)}) 7... cxd5 8. Qb3 Ra7 9. Be2 $146 ({RR} 9. Ne5 e6 10. Bd3 Bd6 11. f4 O-O 12. O-O Bg6 13. Nxg6 hxg6 14. Bd2 b5 15. a3 Nc6 16. Ne2 Qb6 17. Rac1 Raa8 18. Rc2 Rac8 19. Rfc1 Ne7 20. Rxc8 Rxc8 21. Rxc8+ Nxc8 22. Bb4 Qc6 23. Kf2 Bxb4 {0-1 Kucharski,M (1973)-Schweitzer,W (2060) Vienna Kavalier op 6th 2011 (4)}) ({RR} 9. Ne5 e6 10. Bd2 Bd6 11. f4 Bg6 12. Be2 Nbd7 13. O-O O-O 14. Be1 Ne4 15. Nxg6 hxg6 16. Nxe4 dxe4 17. Qc2 Nf6 18. Bh4 Qc8 19. Rac1 Qxc2 20. Rxc2 Nd5 21. Kf2 f6 22. Bc4 Raa8 23. Rfc1 Rac8 {0-1 Kaminski,V (2247)-Timerkhanov,A (2307) Titled Tue 30th Jul Early 2024 (10)}) 9... e6 10. Ne5 Bxe2 11. Nxe2 Bd6 12. O-O O-O 13. Bd2 Nbd7 14. Nd3 Ne4 15. Bb4 Bxb4 16. Qxb4 Nb8 17. Rfc1 Nc6 18. Qe1 Ra8 19. Nc5 Nxc5 20. Rxc5 Rc8 21. Rac1 Qb6 22. Qc3 h6 23. b4 Ne7 24. Nf4 Rc6 25. Nd3 Rfc8 26. a4 Qc7 27. Qa3 Qb8 28. b5 axb5 29. axb5 Rxc5 30. dxc5 Kf8 31. Qc3 Qc7 32. Ra1 Qd8 33. Ra7 Rb8 34. Qa3 Ke8 35. Ne5 Nc8 36. Ra4 Qc7 37. Nd3 Ne7 38. Qa1 Kf8 39. Qb2 Qd7 40. Ra7 Qc8 41. Qa3 Qd8 42. c6 bxc6 43. bxc6 Rc8 44. Ne5 Ke8 45. Rd7 Nxc6 46. Rxd8+ Nxd8 47. Qa4+ Kf8 48. Qd7 Ra8 49. g4 Kg8 50. Kg2 Kf8 51. h4 Kg8 52. Qe8+ 1-0

[Event "Olympiad Women 2024"]
[Site "Budapest HUN"]
[Date "2024.09.11"]
[Round "1.40"]
[Board "2"]
[White "Benson, Maud"]
[Black "Berke, Ana"]
[Result "0-1"]
[WhiteElo "1682"]
[BlackElo "2093"]
[PlyCount "108"]
[EventDate "2024.09.11"]
[WhiteTeam "Ghana"]
[BlackTeam "Croatia"]
[WhiteTeamCountry "GHA"]
[BlackTeamCountry "CRO"]

1. d4 {Yermolinsky,Alex} d5 2. c4 e6 3. g3 Nf6 4. Bg2 Be7 5. Nf3 O-O 6. O-O c5 7. e3 Nc6 8. b3 b6 9. Bb2 Ba6 10. Qe2 ({RR} 10. Ne5 Rc8 11. Nd2 cxd4 12. Nxc6 Rxc6 13. Bxd4 Rc7 14. Qe2 Bb4 15. Rfd1 Qe7 16. a3 Bxd2 17. Qxd2 dxc4 18. Be5 Rd7 ({RR} 18... c3 19. Qc2 Rd7 20. Rxd7 Nxd7 21. Bxc3) 19. Bxf6 {1-0 Nakamura,H (2769)-Kramnik,V (2792) Paris GCT blitz 2018 (14)}) ({RR} 10. Na3 cxd4 11. Nxd4 Nxd4 12. Qxd4 Rc8 13. Nb5 Bxb5 14. cxb5 Ne8 15. Qa4 Nd6 16. Rac1 Qd7 17. Ba3 Nf5 18. Rc6 Bxa3 19. Qxa3 Ne7 20. Rcc1 Rxc1 21. Rxc1 Rc8 22. Bf1 Rxc1 23. Qxc1 Qc8 24. Qxc8+ Nxc8 {0-1 Blahynka,M (2383)-Javakhadze,Z (2440) Titled Tue 9th Jan Early 2024 (6)}) 10... cxd4 11. exd4 Ne4 $146 ({RR} 11... Rc8 12. Nbd2 dxc4 13. bxc4 Bb4 14. Nb3 Qe7 15. Rfd1 Nd5 16. Rac1 Ba3 17. Qc2 Bxb2 18. Qxb2 Nf6 19. d5 exd5 20. cxd5 Nb4 21. Ne5 Rfe8 22. Nc6 Nxc6 23. dxc6 Qb4 24. Qd4 Qe7 25. Qa4 Be2 26. Re1 {1-0 Hiller,S (2165)-Kagan,D (1902) Dortmund Sparkassen op-A 45th 2017 (2)}) 12. Rd1 Rc8 13. Nbd2 Nxd2 14. Nxd2 Bf6 15. Qg4 Re8 16. Rac1 g6 17. Nf1 dxc4 18. d5 Bxb2 19. dxc6 Qf6 20. Rc2 c3 21. Qa4 Qf5 22. Ne3 Qa5 23. Qxa5 bxa5 24. Rd7 Red8 25. Bf1 Bxf1 26. Kxf1 Rxd7 27. cxd7 Rd8 28. Nc4 Rxd7 29. Nxa5 Rd1+ 30. Ke2 Ra1 31. a4 Rb1 32. Kd3 Rd1+ 33. Ke2 Rb1 34. Nc6 Ba1 35. b4 a6 36. Nb8 Rxb4 37. Nxa6 Rxa4 38. Nc5 Rb4 39. Kd3 e5 40. Ra2 Rd4+ 41. Ke2 Bb2 42. Nd3 e4 43. Nxb2 Rd2+ 44. Ke3 cxb2 45. Ra8+ Kg7 46. Rb8 Rc2 47. h3 f5 48. g4 Kf6 49. f3 exf3 50. Kxf3 fxg4+ 51. hxg4 Ke5 52. g5 Kd4 53. Rd8+ Kc3 54. Rc8+ Kd2 0-1

[Event "Olympiad Women 2024"]
[Site "Budapest HUN"]
[Date "2024.09.11"]
[Round "1.40"]
[Board "3"]
[White "Ivekovic, Tihana"]
[Black "Felix, Tobi"]
[Result "1-0"]
[WhiteElo "2143"]
[BlackElo "1677"]
[PlyCount "71"]
[EventDate "2024.09.11"]
[WhiteTeam "Croatia"]
[BlackTeam "Ghana"]
[WhiteTeamCountry "CRO"]
[BlackTeamCountry "GHA"]

1. d4 d5 2. c4 c6 3. Nf3 Nf6 4. g3 Bf5 5. Nc3 e6 6. cxd5 exd5 7. Bg2 h6 8. Qb3 ({RR} 8. O-O Be7 9. Bf4 Nbd7 10. Ne5 O-O 11. Qd2 Re8 12. a3 a5 13. Rfe1 a4 14. f3 Nxe5 15. Bxe5 Bg6 16. Rad1 Nd7 17. Bf4 Nb6 18. e4 Nc4 19. Qf2 dxe4 20. fxe4 Qb6 21. Bc1 Bg5 22. Bf1 Nd6 {0-1 Berchtenbreiter,M (2463)-Hansen,E (2611) Titled Tuesday intern op 3rd Sept blitz 2019 (7)}) 8... Qb6 9. Qxb6 axb6 10. O-O ({RR} 10. Bf4 Nbd7 11. Ne5 b5 12. Nxd7 Nxd7 13. e4 dxe4 14. Bxe4 Bxe4 15. Nxe4 Bb4+ 16. Bd2 Be7 17. O-O O-O 18. Rfe1 Rfe8 19. b4 Nb6 20. Nc5 Nc4 21. Bc3 b6 22. Nd3 Ra3 23. Rec1 Bf6 24. Ne5 Bxe5 {½-½ Villabrille,R (2140)-Clawitter,C (2050) Titled Tue 3rd Oct Late 2023 (3)}) 10... Bb4 $146 ({RR} 10... Be7 11. Re1 O-O 12. Nh4 Bh7 13. f4 Nbd7 14. Nf3 Ne4 15. Nd2 Nxd2 16. Bxd2 f5 17. Bh3 Nf6 18. Bg2 b5 19. b3 Rfe8 20. Nd1 Bd6 21. Nf2 Ne4 {½-½ Meyer,F (1765)-Buechle,R (1680) Ruhrgebiet Verbandsklasse Gruppe 1 1819 2018 (8.7)}) 11. Bd2 O-O 12. Ne5 Re8 13. Rfe1 Nbd7 14. Nxd7 Nxd7 15. a3 Bxc3 16. Bxc3 Nf6 17. f3 Re3 18. Kf2 Rae8 19. a4 Bc2 20. a5 bxa5 21. Rxa5 Bb3 22. Bd2 R3e7 23. e3 Bc4 24. Bh3 b6 25. Ra3 Bb5 26. Bb4 Rc7 27. Bd6 Rb7 28. Rea1 Nd7 29. Ra7 Rxa7 30. Rxa7 c5 31. Bxd7 Bxd7 32. Rxd7 cxd4 33. exd4 Re6 34. Bb4 Rc6 35. Bc3 b5 36. Rb7 1-0

[Event "Olympiad Women 2024"]
[Site "Budapest HUN"]
[Date "2024.09.11"]
[Round "1.40"]
[Board "4"]
[White "Dotse Dzidzor Esi"]
[Black "Vujnovic, Patricija"]
[Result "0-1"]
[WhiteElo "1530"]
[BlackElo "2134"]
[PlyCount "50"]
[EventDate "2024.09.11"]
[WhiteTeam "Ghana"]
[BlackTeam "Croatia"]
[WhiteTeamCountry "GHA"]
[BlackTeamCountry "CRO"]

1. d4 d5 2. c4 e6 3. Nc3 c5 4. cxd5 cxd4 5. Qxd4 Nc6 6. Qd1 exd5 7. Qxd5 Bd6 8. Nf3 Nf6 9. Qd1 O-O 10. Bg5 h6 11. Bh4 g5 12. Bg3 Bb4 13. Qxd8 $146 ({RR} 13. Qc2 g4 14. Ne5 Nd4 15. Qa4 b5 16. Qd1 Ne4 17. Rc1 Re8 18. e3 Nxg3 19. hxg3 Rxe5 20. Rxh6 Bf5 21. Be2 Nxe2 22. Qxe2 Qd3 23. Rd1 Qxe2+ 24. Kxe2 Bxc3 25. bxc3 Rc8 26. Rd4 Rxc3 27. Rd8+ Kg7 {0-1 Srdanovic,J (2149)-Shimanov,A (2576) Titled Tue 28th May Early 2024 (1)}) ({RR} 13. a3 Bxc3+ 14. bxc3 Qa5 15. Rc1 Ne4 16. Qb3 Rd8 17. e3 Nc5 18. Qa2 Be6 19. Qb2 Nb3 20. Rc2 Qd5 21. Be2 Bf5 22. c4 Qa5+ 23. Rc3 Nc5 24. Qc1 Na4 25. Bc7 Qxc7 26. Rb3 Nc5 27. Rc3 Nd3+ {0-1 Venema,K (1692)-Martinez,S (1651) NED-ch U16/18 Girls 2022 (2)}) 13... Rxd8 14. e3 Ne4 15. Rc1 Bf5 16. Be2 g4 17. Ne5 Nxg3 18. Nxc6 Nxe2 19. Kxe2 Bd3+ 20. Kd2 bxc6 21. a3 Be4+ 22. Ke2 Bxc3 23. Rxc3 Bxg2 24. Rhc1 Bf3+ 25. Kf1 Rd2 0-1

[Event "Olympiad Women 2024"]
[Site "Budapest HUN"]
[Date "2024.09.11"]
[Round "1.41"]
[Board "1"]
[White "Ollet, Myra"]
[Black "Kanakova, Natalie"]
[Result "0-1"]
[WhiteElo "1658"]
[BlackElo "2145"]
[PlyCount "56"]
[EventDate "2024.09.11"]
[WhiteTeam "Guam"]
[BlackTeam "Czech Republic"]
[WhiteTeamCountry "GMA"]
[BlackTeamCountry "CZE"]

1. d4 Nf6 2. Bf4 e6 3. h3 ({RR} 3. Nd2 c5 4. e3 b6 5. a4 Bb7 6. a5 b5 7. Ngf3 a6 8. c4 Nc6 9. cxb5 axb5 10. Bxb5 Rxa5 11. Bxc6 Bxc6 12. O-O Rxa1 13. Qxa1 Be7 14. dxc5 Bxc5 15. b4 Be7 16. b5 Bxf3 17. Nxf3 O-O {1-0 Gonzales,J (2454)-Chan,W (2231) Singapore Masters 4th 2007 (1)}) 3... c5 ({RR} 3... Bd6 4. Bxd6 cxd6 5. e3 O-O 6. c3 d5 7. Bd3 d6 8. Ne2 e5 9. O-O Nc6 10. Nd2 Re8 11. a4 a6 12. Ng3 Rb8 13. Bb1 g6 14. Ba2 Kg7 15. Kh1 Ne7 16. Kg1 Bd7 17. Bb1 Qc7 18. Kh1 {½-½ Adithya A Chullikkad (2196)-Cella,G (1894) Titled Tue 17th Jan Late 2023 (11)}) 4. Nf3 cxd4 5. Nxd4 e5 $146 ({RR} 5... d5 6. Nb5 Na6 7. e3 Bc5 8. c4 O-O 9. cxd5 Nxd5 10. Bh2 Qa5+ 11. N1c3 Bb4 12. Qd4 Rd8 13. Qc4 Bd7 14. Be5 Bxb5 15. Qxb5 Qxb5 16. Bxb5 Nc5 17. O-O a6 18. Be2 Bxc3 19. bxc3 f6 20. Bd4 {1-0 Langlois,J (1373)-Hebert,M (1489) Quebec op U1700 2016 (3.17)}) 6. Nb5 exf4 7. Nd6+ Bxd6 8. Qxd6 Qb6 9. Qe5+ Qe6 10. Qc7 O-O 11. Qxf4 Qb6 12. Qc1 Ne4 13. e3 Qf6 14. f3 Qh4+ 15. Kd1 Nf2+ 16. Kd2 Nxh1 17. Be2 Ng3 18. Qe1 Qb4+ 19. Nc3 Nxe2 20. Qxe2 d5 21. a3 Qxb2 22. Ra2 Qb6 23. Qd3 Be6 24. Ra1 Nc6 25. Rb1 Qa5 26. Ke2 Rac8 27. Nb5 d4 28. Nd6 Ne5 0-1

[Event "Olympiad Women 2024"]
[Site "Budapest HUN"]
[Date "2024.09.11"]
[Round "1.41"]
[Board "2"]
[White "Rodshtein, Tereza"]
[Black "Ramas, Carmina Jasmine"]
[Result "1-0"]
[WhiteElo "2149"]
[BlackElo "1712"]
[PlyCount "69"]
[EventDate "2024.09.11"]
[WhiteTeam "Czech Republic"]
[BlackTeam "Guam"]
[WhiteTeamCountry "CZE"]
[BlackTeamCountry "GMA"]

1. e4 d6 2. d4 Nf6 3. Nc3 e5 4. dxe5 dxe5 5. Qxd8+ Kxd8 6. Bg5 Be6 7. O-O-O+ Kc8 8. Nge2 Nbd7 ({RR} 8... Bc5 9. f3 Nbd7 10. h4 h6 11. Bd2 h5 12. Ng1 Ne8 13. Nh3 f6 14. Be2 a6 15. Kb1 c6 16. Be1 b5 17. Nf2 Kc7 18. Nd3 {½-½ Jobava,B (2708)-Gelashvili,T (2565) GEO-chT Club 2014 (5.1)}) 9. f3 c6 10. Kb1 ({RR} 10. Ng3 h6 11. Be3 Bb4 12. a3 Bxc3 13. bxc3 Rd8 14. Nf5 Bxf5 15. exf5 Nd5 16. Bd2 N7f6 17. c4 Nb6 18. Bc3 Rxd1+ 19. Kxd1 Nbd7 20. Bd3 Kc7 21. Re1 Re8 22. g3 b6 23. Kd2 c5 24. f4 e4 {0-1 Saypuri,S (2175)-Danielyan,V (2307) Titled Tue 6th Dec Late 2022 (1)}) 10... Kc7 11. Nc1 $146 ({RR} 11. g3 h6 12. Be3 Bc5 13. Bxc5 Nxc5 14. Bg2 b5 15. Nc1 Rhd8 16. N3e2 Bc4 17. b3 Bxe2 18. Nxe2 a5 19. Rxd8 Rxd8 20. Kc1 Ne6 21. Rd1 Rxd1+ 22. Kxd1 Kd6 23. Kd2 Kc5 24. a3 Kd6 {½-½ Letay,G (1996)-Langer,C (2129) Budapest FS09 FM-A 2012 (6)}) 11... Bb4 12. Bd2 Nc5 13. Nb5+ cxb5 14. Bxb4 Na6 15. Bd6+ Kc6 16. Bxe5 Rhd8 17. Be2 Ne8 18. Nb3 Bxb3 19. cxb3 Rxd1+ 20. Rxd1 Nac7 21. f4 f6 22. Bc3 Ne6 23. f5 Ng5 24. e5 fxe5 25. Bxe5 a6 26. h4 Nf7 27. Bf3+ Kb6 28. Bd4+ Kc7 29. Rc1+ Kb8 30. Bd5 Nfd6 31. g4 a5 32. Re1 b4 33. Re7 Ra6 34. Bxg7 a4 35. f6 1-0